Harry Potter Characters Awesome Slideshow Quiz Stats

Quiz not verified by Sporcle

Challenge
Share
Tweet
Score 0/30 Timer 08:00
1 Play Today
% Correct
Harry Potter
99.8%
Ronald Weasley
99.7%
Rubeus Hagrid
98.8%
Severus Snape
98.7%
Hermione Granger
98%
Albus Dumbledore
97.8%
Draco Malfoy
96.9%
Ginevra Weasley
96.9%
Sirius Black
96.4%
Fred Weasley
96.2%
George Weasley
96%
Neville Longbottom
94.7%
Remus Lupin
94.4%
Alastor Moody
90.6%
Dobby
90.1%
% Correct
Lucius Malfoy
89.9%
Arthur Weasley
89.6%
Hedwig
89.5%
Molly Weasley
89.3%
Peter Pettigrew
88.1%
Bellatrix Lestrange
87.8%
Dolores Umbridge
87.6%
Dudley Dursley
87.6%
Tom Riddle
86.9%
Petunia Dursley
86.4%
Gilderoy Lockhart
86.2%
Quirrell
85.1%
Vernon Dursley
83.2%
Horace Slughorn
81.1%
Minerva McGonagall
49.9%

You're not logged in!

Compare scores with friends on all Sporcle quizzes.
Sign Up with Email
OR
Log In

You Might Also Like...

Show Comments

Extras

Top Quizzes Today


Score Distribution

Your Account Isn't Verified!

In order to create a playlist on Sporcle, you need to verify the email address you used during registration. Go to your Sporcle Settings to finish the process.